| 000 | 00703nam a22002177a 4500 | ||
|---|---|---|---|
| 005 | 20161209121444.0 | ||
| 008 | 130225t xxu||||| |||| 00| 0 eng d | ||
| 010 | _aENG-106740 | ||
| 020 |
_a9788179754719 _c1500.00 |
||
| 035 | _aEN-90273 | ||
| 037 | _bDBAD / PUB | ||
| 040 |
_adpl _bEnglish |
||
| 082 | _a332.64254 | ||
| 100 |
_955100 _aShahani, Rakesh |
||
| 245 |
_aFinancial markets in India : _cby Rakesh Shahani _ba research initiative / |
||
| 260 |
_aNew Delhi _bAnamika Publishers & Distributors _c2011 |
||
| 270 |
_a4697/3, 21-A, Ansari Road, Daryaganj _bNew Delhi _e110002 |
||
| 300 |
_a568p. _c23cm(Hb) |
||
| 500 | _aIncludes index | ||
| 942 |
_2ddc _cEN _mSHA _h332.64254 |
||
| 999 |
_c73830 _d73830 |
||